Teaching with favorite read-alouds in PreK : (Record no. 112749)
[ view plain ]
| 000 -LEADER | |
|---|---|
| fixed length control field | 00413nam a2200121 a 4500 |
| 001 - CONTROL NUMBER | |
| control field | 4144 |
| 005 - DATE AND TIME OF LATEST TRANSACTION | |
| control field | 20140414131949.0 |
| 008 - FIXED-LENGTH DATA ELEMENTS--GENERAL INFORMATION | |
| fixed length control field | 090317s19uu xx 00 eng d |
| 050 ## - LIBRARY OF CONGRESS CALL NUMBER | |
| Classification number | TR 372.4 |
| Item number | L96l 2004 |
| 100 ## - MAIN ENTRY--PERSONAL NAME | |
| Personal name | Lunsford, Susan |
| 245 ## - TITLE STATEMENT | |
| Title | Teaching with favorite read-alouds in PreK : |
| Remainder of title | 50 must have books with lessons and activities that build skills in vocabulary, comprehension, and more. |
| Withdrawn status | Lost status | Damaged status | Home library | Current library | Shelving location | Date acquired | Total Checkouts | Full call number | Barcode | Date last seen | Price effective from | Koha item type |
|---|---|---|---|---|---|---|---|---|---|---|---|---|
| Munich Library | Munich Library | Teachers Reference Section | 03/17/2009 | TR 372.4 L96l 2004 | M4137 | 04/14/2014 | 04/14/2014 | Books |